000
00477nam a22001097a 4500
082
_a
920
100
_a
गुप्त, अक्षयकुमार दत्त
_9
80647
245
_a
योगिराजाधिराज श्री श्री विशुद्धानन्द परमहंस
260
_a
वाराणसी
_b
विश्वविद्यालय प्रकाशन
_c
2018
650
_a
जीवनी
_9
7943
942
_c
BK
999
_c
63946
_d
63946